00000000nam##2200000za#4500
0019.528575
003CaOODSP
00520210615083037
007ta
008150406|1997||||xxc|||||     f|0| 0 fre|d
020 |a0-660-60200-8
022 |a0706-148X
040 |aCaOODSP|bfre
041 |aeng
041 |afre
043 |an-cn---
0861 |aS52-2/236-1997
1101 |aCanada.|bTravaux publics et Services gouvernementaux Canada. |bServices de traduction.
24510|aTerminologie en usage à Parcs Canada / |cpar Sylvie Bouchard et Hélène Gélinas-Surprenant. Publié conjointement par le Comité de toponymie et de terminologie de Parcs Canada.
260 |aOttawa - Ontario : |bTravaux publics et Services gouvernementaux Canada. |c1997.
300 |a456p. ; |c22 cm.
4901 |aBulletin de terminologie|x0706-148X|v236
500 |a«Cet ouvrage porte surtout sur les domaines des activités récréatives, de l'écologie, de l'aménagement, des installations et de l'administration des parcs nationaux et des lieux historiques nationaux.»--Introduction.
5203 |aBulletin 236. Par Sylvie Bouchard et Hélène Gélinas-Surprenant. Dépouillée à partir d'un large éventail de publications produites par Parcs Canada, cette terminologie décrit les termes et les toponymes en usage au ministère. Il s'agit d'un outil de communication essentiel pour quiconque s'intéresse aux domaines du patrimoine naturel et du patrimoine culturel: gestionnaires, biologistes, conservateurs, réviseurs, traducteurs, journalistes, etc. Annexes.
546 |aBilingue
563 |aCouverture souple
590 |a97-13|b1997-03-27
7201 |aBouchard, Sylvie
7201 |aGélinas-Surprenant, Hélène
7760#|tTerminology used by Parks Canada / |w(CaOODSP)9.590569
791 |tTerminology used by Parks Canada / |eeng|w(CaOODSP)9.528574
830#0|aBulletin de terminologie,|x0706-148X|v236|w(CaOODSP)9.509599